000 00799nam a22002177a 4500
999 _c175598
_d175598
005 20200910142202.0
010 _aENG-128402
020 _c695.00
_a9789353944629
035 _aEN-111934
037 _bDBAD/PUB
082 _a570
245 _aPearson Foundation Biology 2020:
_bClass 10
_cedited by Sonal Jain and Ashi Jain
250 _a3rd edition
260 _aNoida
_bPearson
_c2020
270 _a15th floor,Tower-B,Word Trade Tower,Plot no.1,Block-C sec 16,
_bNoida
_e201301
_k04466540100
_mcompanysecretary.india@pearson.com
300 _axv;Various pages.
_c25cm(pbk)
_bPictorial, Diagrams
500 _aIncludes Glossary and Photo Credits
700 _aEditor-Development- Sonal Jain
700 _aAssistant Editor-Production- Ashi Jain
942 _2ddc
_cEN
_h570
_mPEA